Una política económica para el agua /

Uloženo v:
Podrobná bibliografie
Hlavní autor: Vergés, Josep C. (autor)
Médium: Kniha
Jazyk:španělština
Vydáno: Madrid, España : Círculo de Empresarios, 1998, c1998
Edice:(Monografía ; 3)
Témata:
Tagy: Přidat tag
Žádné tagy, Buďte první, kdo vytvoří štítek k tomuto záznamu!

MARC

LEADER 00000nam^a2200000^a^4500
001 000158806
005 20250521000000.0
009 20260310100627.406
020 |a 84-7114-750-5 
037 |a Acervo ITESO - Biblioteca 
041 |a ESP 
082 |a 333. 9100946  |b VER 
100 |a Vergés, Josep C.  |e (autor) 
245 1 4 |a Una política económica para el agua /  |c J.C. Vergés. 
264 4 |a Madrid, España :  |b Círculo de Empresarios,  |c 1998, c1998 
300 |a 142 p. 
336 |a texto  |b txt  |2 rdacontenido 
337 |a sin mediación  |b n  |2 rdamedio 
338 |a volumen  |b nc  |2 rdasoporte 
440 1 |a (Monografía ;  |v 3) 
649 |a XX 
650 |a Agua -  |x Administración -  |z España 
650 |a Recursos Naturales -  |z España -  |x Administración 
650 |a Medio Ambiente -  |z España 
650 |a Privatización -  |z España 
650 |a Política Económica -  |z España 
650 |a Economía de la Tierra -  |z España 
650 |a Instalaciones Hidráulicas -  |z España 
650 |a Ingeniería Hidráulica -  |z España 
650 |a Economía -  |z España 
910 |a Fondo General 
920 |a Impresos - Libros 
930 |a Colección General 
905 |a 101 
901 |a 0500089953  |b IT1  |c ACC  |u 20250521 
902 |a https://opac.biblio.iteso.mx/vufind/Record/000158806